000 00182nam a2200073Ia 4500
008 170817s9999 xx 000 0 und d
100 _aBHATNAGAR
245 0 _aSIKSHA MANOVIGAYAN
260 _bINTER NATIONAL PUB.MEERUT
999 _c36364
_d36364